000 00612nam a22002417a 4500
003 UA-OsUOA
001 37953
007 ta
008 20060420b un ||||| |||| 00| 0 ukr d
100 _aМішо А.
090 _a821.133.1
_bМ71
942 _cBK
040 _aUA-OsUOA
_bukr
_cUA-OsUOA
_dUA-OsUOA
245 _aВнутрішній простір
300 _a336 с.
955 _a3
041 _aukr
080 _a821.133.1
020 _a966-7305-42-2
260 _aК.
_bЮніверс
_c2001
650 7 _a82 Література. Літературознавство
_2UDC
999 _c324121
_d324121